Bridge Equipment, Charts & Publications / (Record no. 635)

000 -LEADER
fixed length control field 00659nam a2200241 a 4500
008 - FIXED-LENGTH DATA ELEMENTS--GENERAL INFORMATION
fixed length control field 190930r4444 ||||| |||| 00| 0 eng d
020 ## - INTERNATIONAL STANDARD BOOK NUMBER
International Standard Book Number 9788110012566
Terms of availability Rs. 160.00
040 ## - CATALOGING SOURCE
Original cataloging agency IMU Kochi Library
Language of cataloging eng
041 0# - LANGUAGE CODE
Language code of text/sound track or separate title eng
044 ## - COUNTRY OF PUBLISHING/PRODUCING ENTITY CODE
MARC country code India
082 04 - DEWEY DECIMAL CLASSIFICATION NUMBER
Edition number 23
Classification number 623.89
Item number Su164
100 1# - MAIN ENTRY--PERSONAL NAME
Personal name Subramaniam, H.
245 10 - TITLE STATEMENT
Title Bridge Equipment, Charts & Publications /
260 ## - PUBLICATION, DISTRIBUTION, ETC. (IMPRINT)
Place of publication, distribution, etc Mumbai :
Name of publisher, distributor, etc Vijaya Publications,
Date of publication, distribution, etc 2012
300 ## - PHYSICAL DESCRIPTION
Extent 105 p. :
Other physical details ill. ;
Dimensions 21.5 cm.
440 0# - SERIES STATEMENT/ADDED ENTRY--TITLE
Title Nutshell Series
490 0# - SERIES STATEMENT
Volume number/sequential designation Book 5
650 #0 - SUBJECT ADDED ENTRY--TOPICAL TERM
Topical term or geographic name as entry element Inland navigation
General subdivision Bridges--Navigation clearances
650 #0 - SUBJECT ADDED ENTRY--TOPICAL TERM
Topical term or geographic name as entry element Nautical charts
852 ## - LOCATION/CALL NUMBER
Location IMU Kochi Library
904 ## - LOCAL DATA ELEMENT D, LDD (RLIN)
CATALOGER Shine Joy
942 ## - ADDED ENTRY ELEMENTS (KOHA)
Item type Books
Holdings
Withdrawn status Lost status Source of classification or shelving scheme Damaged status Not for loan Collection code Permanent location Current location Shelving location Date acquired Source of acquisition Cost, normal purchase price Total Checkouts Full call number Barcode Date last seen Date last borrowed Koha item type Public note Total Renewals
          Nautical Science IMU Kochi Library IMU Kochi Library General Stacks 2013-08-29 M/S Sterling Book House (Inv. No. 1025 Dt 2013-08-20) 160.00 6 623.89 Su164 BK000903 2023-12-06 2023-11-20 Books Gen. Shelf-14, Row-5  
          Nautical Science IMU Kochi Library IMU Kochi Library General Stacks 2013-08-29 M/S Sterling Book House (Inv. No. 1025 Dt 2013-08-20) 160.00 2 623.89 Su164 BK000904 2023-12-01 2023-12-01 Books Gen. Shelf-14, Row-5 1
          Nautical Science IMU Kochi Library IMU Kochi Library General Stacks 2023-01-12 M/S Sterling Book House (INV/5860 Dt. 2023-01-03) 180.00 1 623.89 Su164 BK005845 2024-04-29 2024-04-29 Books Gen. Shelf-14, Row-5  
          Nautical Science IMU Kochi Library IMU Kochi Library General Stacks 2023-01-12 M/S Sterling Book House (INV/5860 Dt. 2023-01-03) 180.00   623.89 Su164 BK005846 2025-02-25   Books Gen. Shelf-14, Row-5  


Copyright © All Rights Reserved by Indian Maritime University, Kochi Campus.
For any Suggestions/Query Contact to library or Email: library.kochi@imu.ac.in Ph:(0484)-2989402
(Web OPAC Designed by Rudra Ranjan. Maintained by IMU Kochi Library)

Powered by Koha